Normal view
MARC view
- Commercial law
Entry Topical Term
001 - CONTROL NUMBER
- control field: 128016
003 - CONTROL NUMBER IDENTIFIER
- control field: NUST
005 - DATE AND TIME OF LATEST TRANSACTION
- control field: 20250228101458.0
008 - FIXED-LENGTH DATA ELEMENTS
- fixed length control field: 250228|| aca||aabn | a|a d
040 ## - CATALOGING SOURCE
- Original cataloging agency: NUST
- Transcribing agency: NUST
150 ## - HEADING--TOPICAL TERM
- Topical term or geographic name entry element: Commercial law
- Geographic subdivision: Great Britain
670 ## - SOURCE DATA FOUND
- Source citation: Work cat.: (NUST)0: Lawson, R. G. 128015, Commercial contracts :, c2006.
